General Knowledge #5 - Statistics

General Stats
  • This quiz has been taken 49 times
  • The average score is 11 of 15
Answer Stats
Question Answer % Correct
What is the largest country in the world by area? Russia
98%
What is the world’s largest ocean? The Pacific
95%
Which planet is known as the “red planet”? Mars
93%
What is the tallest mountain in the world? Mount Everest
93%
What language is spoken in Brazil? Portuguese
93%
What does WWW stand for World Wide Web
93%
What is the periodic symbol for gold? Au
90%
What is the square root of 121? 11
88%
What is the hottest planet in the solar system? Venus
80%
How many bones does an adult human have? 206
59%
In which decade was the internet invented? 1960
54%
Who discovered electricity? Benjamin Franklin
49%
What is the complimentary color to orange? Blue
46%
Who was the third president of the U.S.? Thomas Jefferson
46%
What is the average age babies learn to walk? 12 months
41%
No matching quizzes found
Score Distribution
Percent of People with Each Score
Percentile by Number Answered
Your Score History
You have not taken this quiz